[Event "POL-ch U18"]
[Site "Szczyrk"]
[Date "2013.??.??"]
[Round "1"]
[White "Kuspak, Aleksander"]
[Black "Cukrowski, Filip"]
[Result "0-1"]
[WhiteElo "1926"]
[BlackElo "2163"]
[PlyCount "96"]
[EventDate "2013.03.17"]
[EventType "swiss"]
[EventRounds "9"]
[EventCountry "POL"]
[SourceTitle "CBM 153 Extra"]
[Source "ChessBase"]
[SourceDate "2013.04.22"]
[SourceVersion "1"]
[SourceVersionDate "2013.04.22"]
[SourceQuality "1"]

1. e4 c5 2. Nf3 d6 3. d4 cxd4 4. Nxd4 Nf6 5. Nc3 a6 6. Bg5 Nbd7 7. a4 Qc7 8. Be2 b6 9. Nb3 e6 10. 0-0 Bb7 11. f3 Be7 12. Qd2 0-0 13. Rad1 Rfd8 14. Be3 Nc5 15. Qe1 d5 16. exd5 Nxd5 17. Nxd5 Bxd5 18. Nxc5 Bxc5 19. Bd3 Bc4 20. Bxc4 Rxd1 21. Qf2 Rxf1+ 22. Bxf1 Bxe3 23. Qxe3 Qxc2 24. b3 Qc5 25. Qxc5 bxc5 26. Kf2 a5 27. Bc4 Kf8 28. Ke2 Ke7 29. g3 Rd8 30. f4 Rd4 31. Bd3 g6 32. Ke3 Kd6 33. h3 e5 34. h4 f5 35. Bc2 exf4+ 36. gxf4 Ke7 37. Bd3 Kf6 38. Be2 h6 39. Bf3 g5 40. hxg5+ hxg5 41. fxg5+ Kxg5 42. Be2 Kf6 43. Bf3 Ke5 44. Be2 f4+ 45. Kf3 Re4 46. Kf2 Re3 47. Bc4 Rc3 48. Ke2 Rxc4 0-1

[Event "POL-ch U18"]
[Site "Szczyrk"]
[Date "2013.??.??"]
[Round "3"]
[White "Kuspak, Aleksander"]
[Black "Moszczenski, Milosz"]
[Result "1-0"]
[WhiteElo "1926"]
[BlackElo "1754"]
[PlyCount "71"]
[EventDate "2013.03.17"]
[EventType "swiss"]
[EventRounds "9"]
[EventCountry "POL"]
[SourceTitle "CBM 153 Extra"]
[Source "ChessBase"]
[SourceDate "2013.04.22"]
[SourceVersion "1"]
[SourceVersionDate "2013.04.22"]
[SourceQuality "1"]

1. e4 e6 2. d4 d5 3. Nc3 Bb4 4. e5 c5 5. a3 Bxc3+ 6. bxc3 Qa5 7. Bd2 Qa4 8. Nf3 Nc6 9. Be3 c4 10. Be2 Bd7 11. 0-0 Nge7 12. Nh4 0-0-0 13. f4 h6 14. g4 f5 15. exf6 gxf6 16. f5 h5 17. gxh5 Rdg8+ 18. Kh1 Nxf5 19. Nxf5 exf5 20. Bf4 Qa5 21. Qd2 Be8 22. Qe3 Bf7 23. Qh3 Re8 24. Rf2 Kd7 25. Rb1 Nd8 26. Qxf5+ Be6 27. Qxf6 b5 28. Qg7+ Kc6 29. Bg3 Bd7 30. Bf3 Be6 31. Be2 Bd7 32. Qf6+ Kb7 33. Qd6 Bc6 34. Bg4 Rh7 35. a4 Nf7 36. Qg6 1-0

[Event "Rewal op-B 16th"]
[Site "Rewal"]
[Date "2011.08.25"]
[Round "6"]
[White "Klimek, Piotr"]
[Black "Kuspak, Aleksander"]
[Result "1/2-1/2"]
[WhiteElo "1699"]
[BlackElo "1862"]
[PlyCount "152"]
[EventDate "2011.08.18"]
[EventType "swiss"]
[EventRounds "9"]
[EventCountry "POL"]
[SourceTitle "CBM 144 Extra"]
[Source "ChessBase"]
[SourceDate "2011.10.28"]
[SourceVersion "1"]
[SourceVersionDate "2011.10.28"]
[SourceQuality "1"]

1. e4 c5 2. c4 e6 3. Nf3 a6 4. Be2 Qc7 5. 0-0 d6 6. d4 cxd4 7. Nxd4 Nf6 8. Nc3 Be7 9. Be3 b6 10. Rc1 Bb7 11. f3 Nbd7 12. Qd2 0-0 13. Rfd1 Rfe8 14. Bf1 Rac8 15. b3 Qb8 16. Qf2 Bd8 17. g3 Bc7 18. Bh3 Ne5 19. Nc2 Ba8 20. Nb4 Qb7 21. Bg2 Nfd7 22. h3 Nc5 23. f4 Ned7 24. Nd3 Bb8 25. Nxc5 bxc5 26. Rd2 Nf8 27. Rcd1 Qb4 28. Rd3 Bc6 29. Nb1 Qb7 30. Nc3 Qb4 31. Qc2 e5 32. f5 Qb7 33. Nd5 Bxd5 34. Rxd5 Nd7 35. g4 f6 36. Qd2 Nb6 37. Rd3 d5 38. exd5 Bd6 39. Be4 Rf8 40. Qg2 Qf7 41. Bd2 Nd7 42. Rg3 Kh8 43. Rc1 Rb8 44. Qf1 Rfc8 45. Qe1 Qf8 46. h4 Qf7 47. Rh3 Kg8 48. g5 Kf8 49. g6 Qg8 50. gxh7 Qxh7 51. h5 Ke7 52. Qg3 Rh8 53. Kf2 Rbg8 54. a3 Rb8 55. Rg1 Rhg8 56. Qg6 Qh8 57. Rhg3 Nf8 58. Qg4 Nd7 59. h6 a5 60. h7 Rgf8 61. Qxg7+ Rf7 62. Qxh8 Rxh8 63. Rg7 Rxh7 64. Rxf7+ Kxf7 65. Bxa5 Rh4 66. Bc2 e4 67. Bd2 Ne5 68. Ke3 Nf3 69. Be1 Rh2 70. Rf1 Rxc2 71. Kxe4 Nd4 72. b4 Re2+ 73. Kd3 Rh2 74. bxc5 Bxc5 75. Bf2 Rh3+ 76. Ke4 Nb3 1/2-1/2

[Event "Rewal op-B 16th"]
[Site "Rewal"]
[Date "2011.08.23"]
[Round "4"]
[White "Stankiewicz, Pawel"]
[Black "Kuspak, Aleksander"]
[Result "1/2-1/2"]
[WhiteElo "2064"]
[BlackElo "1862"]
[PlyCount "69"]
[EventDate "2011.08.18"]
[EventType "swiss"]
[EventRounds "9"]
[EventCountry "POL"]
[SourceTitle "CBM 144 Extra"]
[Source "ChessBase"]
[SourceDate "2011.10.28"]
[SourceVersion "1"]
[SourceVersionDate "2011.10.28"]
[SourceQuality "1"]

1. e4 c5 2. Nf3 e6 3. d4 cxd4 4. Nxd4 a6 5. Nc3 Qc7 6. Bd3 Nf6 7. 0-0 Be7 8. a4 b6 9. Qe2 d6 10. f4 Nbd7 11. Be3 Bb7 12. Rae1 g6 13. Kh1 e5 14. Nb3 0-0 15. f5 Kh8 16. fxg6 fxg6 17. Bh6 Rfe8 18. Bg5 Nh5 19. Bxe7 Rxe7 20. Nd5 Bxd5 21. exd5 a5 22. Nd4 Nc5 23. Qe3 Rf7 24. Nb5 Rxf1+ 25. Rxf1 Qe7 26. Qh6 Nxd3 27. cxd3 Ng7 28. Qe3 Rf8 29. Rxf8+ Qxf8 30. Kg1 Nf5 31. Qxb6 Qh6 32. Qd8+ Kg7 33. Qc7+ Kg8 34. Qc8+ Kg7 35. Qc7+ 1/2-1/2

[Event "POL-chT U19 2nd League"]
[Site "Chelm Lubelski"]
[Date "2010.07.13"]
[Round "10"]
[White "Mandera, Mateusz"]
[Black "Kuspak, Aleksander"]
[Result "0-1"]
[WhiteElo "1584"]
[BlackElo "1832"]
[PlyCount "124"]
[EventDate "2010.07.06"]
[EventType "team-tourn"]
[EventRounds "11"]
[EventCountry "POL"]
[SourceTitle "EXT 2011"]
[Source "ChessBase"]
[SourceDate "2010.11.26"]
[SourceVersion "1"]
[SourceVersionDate "2010.11.26"]
[SourceQuality "1"]
[WhiteTeam "Katowice UKS Palac Mlodziezy U19"]
[BlackTeam "Kielce Fart U19"]
[WhiteTeamCountry "POL"]
[BlackTeamCountry "POL"]

1. d4 Nf6 2. c4 c5 3. d5 e6 4. Nc3 exd5 5. cxd5 d6 6. Nf3 a6 7. a4 Bf5 8. Bg5 Be7 9. g3 h6 10. Bf4 g5 11. Bd2 Qb6 12. b3 Nbd7 13. h3 Rc8 14. e3 Ne4 15. Nxe4 Bxe4 16. Bc3 Bf6 17. Bxf6 Nxf6 18. Bc4 Qb4+ 19. Kf1 b5 20. axb5 axb5 21. Bd3 Bxd5 22. Bf5 Rd8 23. Rb1 Be4 24. Bxe4 Nxe4 25. Rc1 0-0 26. Kg2 Rfe8 27. g4 Nf6 28. Qd3 Kg7 29. Nd2 Ne4 30. Nf3 Nf6 31. Nd2 d5 32. f4 c4 33. Qd4 gxf4 34. Rhf1 Qd6 35. Rxf4 Qe5 36. Rcf1 Qxd4 37. exd4 Rd6 38. R1f2 Rde6 39. bxc4 bxc4 40. Nb1 R8e7 41. Nc3 Rd7 42. R2f3 Ne4 43. Re3 Nxc3 44. Rxc3 Re2+ 45. Kg3 Rb7 46. Rf5 Reb2 47. Kf4 R2b3 48. Rc1 Rd7 49. h4 Rd3 50. Ke5 Re3+ 51. Kf4 Re4+ 52. Kf3 Rxd4 53. Rf4 Rd3+ 54. Ke2 Re7+ 55. Kf2 c3 56. Rf3 Rd2+ 57. Kg3 d4 58. Rf2 Re3+ 59. Kg2 Ree2 60. Rxe2 Rxe2+ 61. Kf3 Rd2 62. Ke4 c2 0-1

[Event "POL-chT U14 15th"]
[Site "Sielpia"]
[Date "2009.05.01"]
[Round "7"]
[White "Prazmowski, Bartosz"]
[Black "Kuspak, Aleksander"]
[Result "1-0"]
[WhiteElo "1796"]
[BlackElo "1805"]
[PlyCount "107"]
[EventDate "2009.04.27"]
[EventType "team-tourn"]
[EventRounds "10"]
[EventCountry "POL"]
[SourceTitle "EXT 2011"]
[Source "ChessBase"]
[SourceDate "2010.11.26"]
[SourceVersion "1"]
[SourceVersionDate "2010.11.26"]
[SourceQuality "1"]

1. d4 Nf6 2. Nf3 c5 3. c4 cxd4 4. Nxd4 a6 5. Nc3 e6 6. a3 Qc7 7. e4 d6 8. Be3 Be7 9. Be2 Nbd7 10. 0-0 0-0 11. f4 Re8 12. Bf3 Nb6 13. b3 Rb8 14. Rc1 Bd7 15. Nde2 Bc6 16. Qd4 Nbd7 17. e5 dxe5 18. fxe5 Qxe5 19. Bxc6 bxc6 20. b4 Rbd8 21. Qxe5 Nxe5 22. Bb6 Rd7 23. c5 Nc4 24. Nb1 Ne5 25. Rfd1 Nd5 26. Nbc3 Bd8 27. Nxd5 exd5 28. Nd4 Bg5 29. Rc3 g6 30. h3 Rc8 31. Kh1 Re7 32. a4 Rd7 33. b5 axb5 34. axb5 Be7 35. Ba5 cxb5 36. c6 Ra7 37. Bb6 Ra6 38. Bc5 Bxc5 39. Rxc5 Rc7 40. Rxd5 Nxc6 41. Rc5 b4 42. Rdc1 Nxd4 43. Rxc7 b3 44. Rb7 Ra4 45. Rcc7 Ra2 46. Rxf7 b2 47. Rg7+ Kh8 48. Rxh7+ Kg8 49. Rhd7 Ne6 50. Rb8+ Nf8 51. Rdb7 Ra1+ 52. Kh2 b1Q 53. Rxb1 Rxb1 54. Rxb1 1-0

[Event "Kochan Memorial op 19th"]
[Site "Koszalin"]
[Date "2008.08.05"]
[Round "2"]
[White "Kuspak, Aleksander"]
[Black "Koziej, Maciej"]
[Result "0-1"]
[WhiteElo "1837"]
[BlackElo "1987"]
[PlyCount "150"]
[EventDate "2008.08.04"]
[EventType "swiss"]
[EventRounds "9"]
[EventCountry "POL"]
[SourceTitle "CBM 125 Extra"]
[Source "ChessBase"]
[SourceDate "2008.09.01"]
[SourceVersion "1"]
[SourceVersionDate "2008.09.01"]
[SourceQuality "1"]

1. e4 c5 2. Nf3 Nc6 3. d4 cxd4 4. Nxd4 e5 5. Nb5 d6 6. N1c3 a6 7. Na3 Be6 8. Bc4 b5 9. Bd5 Qc7 10. Ne2 Nf6 11. c3 Bxd5 12. exd5 Ne7 13. Nc2 Nexd5 14. 0-0 Be7 15. f4 0-0 16. Kh1 Rfe8 17. f5 Nb6 18. Rf3 d5 19. Rh3 Ng4 20. Qe1 Bc5 21. Ne3 Nxe3 22. Bxe3 Bxe3 23. Rxe3 Qd7 24. f6 gxf6 25. Qh4 Kf8 26. Rf1 Re6 27. b3 Qc6 28. Qxh7 Ke7 29. Ng3 Rf8 30. Nf5+ Kd8 31. Ng7 Re7 32. Qh4 Nd7 33. Nf5 Ree8 34. Rg3 Rh8 35. Qb4 Kc7 36. Ne7 Qd6 37. Qa5+ Kb7 38. Nf5 Qc5 39. b4 Qc7 40. Qa3 Rh7 41. Qb3 Nb6 42. Qd1 Reh8 43. h3 Ka7 44. Qd3 Rh5 45. Ng7 R5h6 46. Nf5 Rg6 47. Qf3 e4 48. Qe3 Ka8 49. Rxg6 fxg6 50. Nd4 Nc4 51. Qe1 f5 52. Ne6 Qd6 53. Nc5 f4 54. a4 f3 55. axb5 fxg2+ 56. Kxg2 Qe5 57. bxa6 Qg5+ 58. Kh2 Ne3 59. Rg1 Qf4+ 60. Qg3 Nf1+ 61. Rxf1 Qxf1 62. Qg2 Qf4+ 63. Qg3 Qd2+ 64. Qg2 e3 65. Nb3 Qxg2+ 66. Kxg2 e2 67. Kf2 Rxh3 68. Na5 Rxc3 69. Kxe2 Ra3 70. Nc6 Rxa6 71. b5 Rxc6 72. bxc6 Kb8 73. Ke3 Kc7 74. Kd3 Kxc6 75. Kd4 Kd6 0-1

[Event "POL 14th Olympiade U14 Boys"]
[Site "Szczawno Zdroj"]
[Date "2008.05.04"]
[Round "10"]
[White "Sobaniec, Dominik"]
[Black "Kuspak, Aleksander"]
[Result "1-0"]
[WhiteElo "1778"]
[BlackElo "1858"]
[PlyCount "77"]
[EventDate "2008.04.27"]
[EventType "swiss"]
[EventRounds "10"]
[EventCountry "POL"]
[SourceTitle "EXT 2009"]
[Source "ChessBase"]
[SourceDate "2008.11.26"]
[SourceVersion "1"]
[SourceVersionDate "2008.11.26"]
[SourceQuality "1"]

1. d4 Nf6 2. c4 c5 3. d5 e6 4. Nc3 exd5 5. cxd5 g6 6. e4 d6 7. Nf3 Bg7 8. h3 0-0 9. Bd3 Re8 10. 0-0 a6 11. a4 Nbd7 12. Bf4 Ne5 13. Nxe5 dxe5 14. Be3 Qd6 15. Rc1 b6 16. Qe2 Nh5 17. Qd2 Nf4 18. Bxf4 exf4 19. Be2 Qf6 20. Rfd1 Qh4 21. Bf3 Re5 22. Kf1 Rg5 23. Qe2 Bd7 24. d6 Be6 25. Nd5 Bxd5 26. Rxd5 Rxd5 27. exd5 Qd8 28. Rc4 Qxd6 29. Re4 Rf8 30. Qxa6 Bxb2 31. a5 Qxd5 32. Qxb6 Qd3+ 33. Kg1 Qb1+ 34. Kh2 c4 35. Rxc4 Qd3 36. Rb4 Bc3 37. Rb3 Qd2 38. Rxc3 Qxc3 39. a6 1-0

[Event "POL 14th Olympiade U14 Boys"]
[Site "Szczawno Zdroj"]
[Date "2008.05.01"]
[Round "7"]
[White "Kuspak, Aleksander"]
[Black "Jedras, Piotr"]
[Result "1-0"]
[WhiteElo "1858"]
[BlackElo "1707"]
[PlyCount "105"]
[EventDate "2008.04.27"]
[EventType "swiss"]
[EventRounds "10"]
[EventCountry "POL"]
[SourceTitle "EXT 2009"]
[Source "ChessBase"]
[SourceDate "2008.11.26"]
[SourceVersion "1"]
[SourceVersionDate "2008.11.26"]
[SourceQuality "1"]

1. e4 c5 2. Nc3 Nc6 3. f4 e6 4. Bc4 Nge7 5. e5 Nf5 6. Nf3 d5 7. Bb5 Bd7 8. Bxc6 Bxc6 9. d3 b5 10. Ne2 d4 11. Ng3 Nxg3 12. hxg3 Qc7 13. Qe2 Be7 14. Bd2 a5 15. Kf2 Bd5 16. b3 Qa7 17. a4 b4 18. Ke1 Kd7 19. Kd1 Rac8 20. Kc1 Qa6 21. Kb2 Rc7 22. Rac1 h6 23. g4 Rhc8 24. Rhe1 Qb6 25. f5 Kc6 26. Bf4 Kb7 27. Nd2 Bg5 28. g3 Bxf4 29. gxf4 Qc6 30. Nc4 Bxc4 31. dxc4 Rh8 32. fxe6 fxe6 33. f5 Rf7 34. Rf1 Rhf8 35. fxe6 Qxe6 36. Rxf7+ Rxf7 37. Re1 Re7 38. Qf3+ Kc7 39. Qa8 Qb6 40. e6 Rxe6 41. Rxe6 Qxe6 42. Qxa5+ Kb8 43. Qxc5 d3 44. Qxb4+ Ka8 45. Qf8+ Kb7 46. Qxg7+ Ka6 47. Qc3 dxc2 48. Qxc2 Qxg4 49. c5 Qd4+ 50. Ka2 h5 51. c6 h4 52. c7 h3 53. c8Q+ 1-0

[Event "POL 14th Olympiade U14 Boys"]
[Site "Szczawno Zdroj"]
[Date "2008.04.28"]
[Round "2"]
[White "Kuspak, Aleksander"]
[Black "Jaskolka, Tomasz"]
[Result "1-0"]
[WhiteElo "1858"]
[BlackElo "1763"]
[PlyCount "47"]
[EventDate "2008.04.27"]
[EventType "swiss"]
[EventRounds "10"]
[EventCountry "POL"]
[SourceTitle "EXT 2009"]
[Source "ChessBase"]
[SourceDate "2008.11.26"]
[SourceVersion "1"]
[SourceVersionDate "2008.11.26"]
[SourceQuality "1"]

1. e4 c5 2. Nf3 d6 3. d4 cxd4 4. Nxd4 Nf6 5. Nc3 g6 6. Be3 Bg7 7. f3 Nc6 8. Qd2 0-0 9. 0-0-0 Bd7 10. g4 Rc8 11. h4 Ne5 12. Bh6 Nc4 13. Bxc4 Rxc4 14. Bxg7 Kxg7 15. h5 Qa5 16. hxg6 fxg6 17. Qh6+ Kg8 18. g5 Nh5 19. Rxh5 gxh5 20. g6 hxg6 21. Qxg6+ Kh8 22. Rg1 Bg4 23. fxg4 Qe5 24. Qh6+ 1-0